1183 1373 1887 1209 1104 1684 1075 1847 1965 1973 1235 1661 1147 1342 1839 1860 1250 1802 1684 1642 1835 1912 1330 1965 1363 1599 1155 1487 1081 1905 1406 1943 1996 1793 1755 1468 1760 1499 1137 1385 1399 1099 1243 1857 1415 1245 1525 1477 1932 1201 1703 1276 1049 1554 1238 1688 1923 1192 1374 1490 1811 1610 1923 1857 1356 1542 1728 1523 1594 1964 1015 1469 1439 1104 1711 1602 1330 1858 1299 1107 1773 1714 1468 1277 1313 1894 1892 1266 1024 1143 1965 1258 1958 1547 1831 1911 1304 1103 1861 BCNSPRNW ULIB Ver.6.0+V

เปลี่ยนเป็นภาษาไทย

Change to English
 แสดงรายละเอียดบรรณานุกรม
  กลับหน้าหลัก

Brief Record : Get Marc (ISO 2709) : E-mail record : QR code < ปิดหน้าต่าง
LEADER : 00000nam 2200000uu 4500
001    13399110594
003     ULIB
008    110603s2548||||th 000 0 tha d
020    9749366850
020    9789749366851
060 04 WQ225^bก125ท 2548
100 0  กนกวรรณ ธราวรรณ
245 10 ทางเลือกของผู้หญิงที่ท้องเมื่อไม่พร้อม /^cกนกวรรณ ธราวรรณ
260    กรุงเทพฯ:^bส.ค.ส.,^c2548
300    245 หน้า
650  7 ท้องเมื่อไม่พร้อม
945    ^p380^l0^i024202
945    ^p380^l0^i020083
945    ^p380^l0^i019726
995    ทศพร
999 ^a ใช้งานได้ทุกระบบ
รายการนี้ยังไม่มีแท็ก
คุณยังไม่ได้ล็อกอิน คุณสามารถมีกิจกรรมร่วมกับเว็บไซต์ได้ แต่ต้องล็อกอินก่อน ::
  ล็อกอิน

รายการสื่อสารสนเทศ

ลำดับที่ ประเภท เลขเรียก/บาร์โค้ด สถานที่ สถานะ
1. วิทยาศาสตร์การแพทย์ และสุขภาพ
วิทยาศาสตร์การแพทย์ และสุขภาพ
สถานะ=หนังสือเก่า
WQ225 ก125ท 2548 ฉ.1 
  Barcode: 019726
ห้องสมุดวิทยาเขตสวรรค์ประชารักษ์
►ส่วนจัดเก็บหนังสือเก่า สปร
บนชั้น
  ขอยืม
2. วิทยาศาสตร์การแพทย์ และสุขภาพ
วิทยาศาสตร์การแพทย์ และสุขภาพ
สถานะ=หนังสือเก่า
WQ225 ก125ท 2548 ฉ.3 
  Barcode: 024202
ห้องสมุดวิทยาเขตสวรรค์ประชารักษ์
►ส่วนจัดเก็บหนังสือเก่า สปร
บนชั้น
  ขอยืม

รายการใกล้เคียง
    ผู้แต่ง [กนกวรรณ ธราวรรณ]

    หัวเรื่อง [ท้องเมื่อไม่พร้อม]

BibComment


ยังไม่เคยถูกคอมเมนท์

คอมเมนท์ทรัพยากรรายการนี้
  คอมเมนท์: ทางเลือกของผู้หญิ..


 Copyright 2026. Bcnsprnw @Library